|
|
|
|
| LEADER |
00000nam a2200000 a 4500 |
| 001 |
UCW0855 |
| 003 |
CL-VaPUC |
| 008 |
891030e19590000US |||||||||||||||||eng|d |
| 082 |
0 |
4 |
|a 512
|b DIC
|2 21
|
| 100 |
0 |
|
|a Dickson, Leonard Eugene
|e author
|9 304778
|
| 245 |
1 |
0 |
|a Algebraic theories
|
| 300 |
|
|
|a 276 p
|
| 942 |
|
|
|c BK
|
| 945 |
|
|
|d 19891030 00:00:00
|
| 260 |
|
|
|a Nueva York
|b Dover
|c 1959
|
| 650 |
|
0 |
|a Álgebra
|9 259567
|
| 583 |
|
|
|a last modification
|c 19891030 00:00:00
|k Rodrigo Vera
|
| 999 |
|
|
|c 215890
|d 215888
|
| 952 |
|
|
|0 0
|1 0
|4 0
|6 512_000000000000000_DIC_1959
|7 0
|8 A
|9 201080
|a BIBMAT
|b BIBMAT
|d 2019-11-14
|i 2682303
|o 512 DIC 1959
|p 2682303
|r 2025-01-07
|w 2019-11-14
|y BK
|k MAT
|